| 000 | 00653nam a22002177a 4500 | ||
|---|---|---|---|
| 003 | OSt | ||
| 005 | 20260128043645.0 | ||
| 008 | 260128b |||||||| |||| 00| 0 eng d | ||
| 020 | _a971834022X | ||
| 040 |
_aDWCL GS lib _cOC |
||
| 082 | _aProf. 158 M465 2023 | ||
| 100 | _aMaxwell, John C. | ||
| 245 |
_aTHE POWER OF THINKING BIG _cJOHN C. MAXWELL |
||
| 260 |
_aTulsa, Oklahoma _bRiver Oak Publishing _cc2001. |
||
| 300 |
_avii, 157 pages: _billustrations ; _c15cm. |
||
| 546 | _aEnglish | ||
| 650 | _aQuotations | ||
| 650 | _aSuccess | ||
| 700 | _aJOHN C. MAXWELL | ||
| 942 |
_2ddc _cPROF. _hProf. 158 M465 2023 _n0 |
||
| 999 |
_c7891 _d7891 |
||